Peppa Pig: Peppa's Christmas jumper day / (Record no. 48443)
| 000 -LEADER | |
|---|---|
| fixed length control field | 00371nam a2200121 4500 |
| 020 ## - INTERNATIONAL STANDARD BOOK NUMBER | |
| International Standard Book Number | 9780241371589 |
| 100 ## - MAIN ENTRY--PERSONAL NAME | |
| Personal name | Holowaty, Lauren, |
| Relator term | author. |
| 9 (RLIN) | 86070 |
| 245 ## - TITLE STATEMENT | |
| Title | Peppa Pig: Peppa's Christmas jumper day / |
| Statement of responsibility, etc | Adapted by Lauren Holowaty. |
| 260 ## - PUBLICATION, DISTRIBUTION, ETC. (IMPRINT) | |
| Place of publication, distribution, etc | UK : |
| Name of publisher, distributor, etc | Ladybird Books, |
| Date of publication, distribution, etc | 2019. |
| 300 ## - PHYSICAL DESCRIPTION | |
| Extent | 16 pages. |
| Dimensions | 7.09 x 0.24 x 7.09 inches. |
| 490 ## - SERIES STATEMENT | |
| Series statement | Peppa Pig |
| 942 ## - ADDED ENTRY ELEMENTS (KOHA) | |
| Source of classification or shelving scheme | |
| Koha item type | Board Book |
| Withdrawn status | Lost status | Source of classification or shelving scheme | Damaged status | Not for loan | Home library | Current library | Date acquired | Total Checkouts | Full call number | Barcode | Date last seen | Date checked out | Price effective from | Koha item type |
|---|---|---|---|---|---|---|---|---|---|---|---|---|---|---|
| Logos International School | Logos International School | 02/12/2025 | 8 | BB PEP | 040382 | 02/18/2026 | 02/11/2026 | 02/12/2025 | Board Book |